Đặc điểm nội dung và nghệ thuật của thơ trong tuyển tập Tiếng hát những người đi tới : Luận văn Thạc sĩ. Chuyên ngành Văn học Việt Nam

Giới thiệu khái quát về bối cảnh ra đời, sự hình thành và phát triển của thơ ca yêu nước đô thị miền Nam, khai thác và làm rõ đặc điểm nội dung và nghệ thuật của thơ trong Tiếng hát những người đi tới....

Disgrifiad llawn

Wedi'i Gadw mewn:
Manylion Llyfryddiaeth
Prif Awdur: Lê, Thị Hồng Liên
Fformat: Llyfr
Iaith:Undetermined
Cyhoeddwyd: Cần Thơ Trường Đại học Cần Thơ 2018
Pynciau:
Tagiau: Ychwanegu Tag
Dim Tagiau, Byddwch y cyntaf i dagio'r cofnod hwn!
Thư viện lưu trữ: Trung tâm Học liệu Trường Đại học Cần Thơ
LEADER 01173nam a2200217Ia 4500
001 CTU_228095
008 210402s9999 xx 000 0 und d
082 |a 895.9221009 
082 |b L305 
088 |a 8220121 
100 |a Lê, Thị Hồng Liên 
245 0 |a Đặc điểm nội dung và nghệ thuật của thơ trong tuyển tập Tiếng hát những người đi tới : 
245 0 |b Luận văn Thạc sĩ. Chuyên ngành Văn học Việt Nam 
245 0 |c Lê Thị Hồng Liên ; Nguyễn Văn Nở (Cán bộ hướng dẫn) 
260 |a Cần Thơ 
260 |b Trường Đại học Cần Thơ 
260 |c 2018 
520 |a Giới thiệu khái quát về bối cảnh ra đời, sự hình thành và phát triển của thơ ca yêu nước đô thị miền Nam, khai thác và làm rõ đặc điểm nội dung và nghệ thuật của thơ trong Tiếng hát những người đi tới. 
650 |a Vietnamese poetry,Thơ Việt Nam 
910 |b nthai 
980 |a Trung tâm Học liệu Trường Đại học Cần Thơ